| 000 | 00854nam a2200181 u 4500 | ||
|---|---|---|---|
| 001 | 000020251 | ||
| 005 | 20200929170331.0 | ||
| 008 | 100802s1986 pn a 000 0 spa d | ||
| 040 |
_aDO-SdBNP _bspa _cBNPHU |
||
| 245 | 0 | 0 |
_aDoce mil minibiografias. / _cdirección general María Eloisa Álvarez del Real. |
| 246 | 1 | 2 | _a12,000 minibiografías |
| 250 | _a2a. ed. rev. y actualizada | ||
| 260 |
_aPanamá : _bAmerica, _c1986. |
||
| 300 |
_a800 p. : _bil. ; _c20 cm. |
||
| 504 | _aBibliografía | ||
| 500 | _aUn libro útil para estudiantes, estudiosos y para todo el que necesite una guía rápida sobre las grandes figuras de ayer y de hoy. Contiene secciones sobre la literatura universal, sus obras maestras, sus géneros y movimientos principales, así como sus términos especializados. | ||
| 700 | 1 |
_aÁlvarez del Real, María Eloisa _edir. gen. _942868 |
|
| 999 |
_c19756 _d19756 |
||